Statistics for Middle Earth characters

Click here to take the quiz!

General Stats

  • This quiz has been taken 250 times
    (240 since last reset)
  • The average score is 35 of 45

Answer Stats

HintAnswer% Correct
A Hobbit, the main One Ring's bearer.Frodo
98%
His best friend, a Hobbit tooSam
98%
The Elf member of the FellowshipLegolas
97%
The main Wizard of all the adventures ...Gandalf
96%
The Dwarf member of the FellowshipGimli
96%
A Hobbit becoming a Minas Tirith's guardPippin
96%
Arnor and Gondor's heirAragorn
95%
Gondor's warrior, member of the FellowshipBoromir
95%
"My precious" is his favorite wordsGollum
95%
A Hobbit becoming a Rohan's warriorMerry
95%
Chief of the Wizard, leaving in IsengardSaruman
95%
The Evil Spirit who wants to dominate the Middle EarthSauron
94%
His "bowman" brotherFaramir
93%
The hobbit playing in the darkness with this strange creatureBilbo
90%
The Elven Queen of the Lorien realmGaladriel
89%
His father, member of the Erebor's journeyGloin
89%
The Lonely Mountain's heirThorin
89%
The Elven Chief, leaving in ImladrisElrond
87%
The Dragon "leaving" in EreborSmaug
87%
His colleague living in MirkwoodRadagast
85%
His nicknameStrider
85%
The King of RohanTheoden
84%
A Dwarf, friend of the last one, trying to conquer Moria and ending his life in the Chamber of MazarbulBalin
83%
Steward of the Gondor, father of the last 2 warriorsDenethor II
82%
His daughterArwen
81%
The niece of this KingEowyn
81%
The Rohirrim's CaptainEomer
79%
His father, King of the Mirkwood's Elven RealmThranduil
79%
The vilainous concilor of this KingGrima
78%
His brotherDwalin
77%
Chief of the EntsTreebeard
77%
The bowman who stops tha raid on EsgarothBard
75%
A shape-shifter, hosting the Dwarves, the Wizard and the HobbitBeorn
74%
Her husbandCeleborn
74%
The nickname of their chiefThe Witch King
74%
The One Ring's Evil SpiritsNazgul
71%
A cunning spirit leaving in the old ForestTom Bombadil
61%
The 2 youngest Dwarves of this fellowshipFili and Kili
54%
The fiancée of a famous Hobbit gardenerRose
42%
His chief emissary of the last oneThe Mouth of Sauron
42%
His wifeGoldberry
41%
The Eagles King, leaving in the Misty MountainsGwaihir
37%
His nickname at the end of the Third AgeSharkey
29%
The Goblin King, leaving in the Misty MountainsThe Great Goblin
25%
The "younger" and "faster" EntQuickbeam
23%

Score Distribution

Percentile by Number Answered

Percent of People with Each Score

Your Score History

You have not taken this quiz since the last reset